| 000 | 00670nam a2200205 a 4500 | ||
|---|---|---|---|
| 005 | 20140310183530.0 | ||
| 008 | 111011s19uu xx 00 eng d | ||
| 020 | _a9780078050039 | ||
| 050 |
_aLA 217.2 _b.T136 2011 |
||
| 245 |
_aTaking sides : _cselected, edited and with introductions by Maryann Byrnes. _bclashing views in special education / |
||
| 250 | _a5th ed. | ||
| 260 |
_aNew York, NY : _bMcGraw-Hill, _c2011. |
||
| 300 |
_a427 p. : _c24 cm. |
||
| 440 | _aMcGraw Hill Contemporary learning series | ||
| 500 | _aIncludes bibliographical references and index. | ||
| 521 | _aEDU | ||
| 650 | _aSpecial education | ||
| 942 |
_cBK _2lcc _kFOR |
||
| 999 |
_c24604 _d24604 |
||